[Event "Mezokovesd Hegedus Memorial 4th"]
[Site "Mezokovesd"]
[Date "2023.12.29"]
[Round "6"]
[White "Lako, Peter"]
[Black "Bakos, Balint"]
[Result "1-0"]
[WhiteElo "1243"]
[BlackElo "1079"]
[PlyCount "149"]
[EventDate "2023.12.27"]
[EventType "swiss"]
[EventRounds "6"]
[EventCountry "HUN"]
[SourceTitle "CB01_2024"]
[SourceDate "2024.01.03"]
[SourceVersion "1"]
[SourceVersionDate "2024.01.03"]
[SourceQuality "1"]

1. c4 Nf6 2. Nc3 e6 3. e4 Bb4 4. e5 Bxc3 5. bxc3 Ng8 6. Qg4 g6 7. d4 h5 8. Qg5 Qe7 9. Nf3 d6 10. exd6 cxd6 11. Ba3 Nf6 12. Bxd6 Qxd6 13. Qxf6 Rf8 14. c5 Qc6 15. Rb1 Qe4+ 16. Kd2 Qxb1 17. d5 Qxa2+ 18. Kc1 Qa3+ 19. Kc2 Qxc5 20. Bc4 Qxf2+ 21. Kc1 Qe3+ 22. Kd1 Qc5 23. Ne5 Nd7 24. Nxd7 Bxd7 25. Kc2 Ba4+ 26. Kd2 Qe7 27. Qf4 0-0-0 28. Re1 Rd6 29. Qd4 Qg5+ 30. Kd3 Qf5+ 31. Kd2 Kb8 32. g3 Rc8 33. Rf1 e5 34. Qd3 Qxd3+ 35. Kxd3 e4+ 36. Kd4 f5 37. Rb1 a6 38. Be2 Bc6 39. c4 b5 40. Ke5 Rdd8 41. dxc6 Rxc6 42. cxb5 Rb6 43. h4 Ka7 44. Ra1 Rdd6 45. bxa6 Re6+ 46. Kf4 e3 47. Kf3 Rb2 48. Ra3 Rb1 49. Rxe3 Rxe3+ 50. Kxe3 Rb3+ 51. Kf4 Rb2 52. Bd3 Rf2+ 53. Ke3 Rg2 54. Kf3 Rd2 55. Be2 Ra2 56. Bc4 Ra3+ 57. Kf2 Kb6 58. Bf7 Rxa6 59. Bxg6 Ra2+ 60. Kf3 Ra3+ 61. Kf4 Ra5 62. Bxh5 Kc7 63. Bg6 Kd6 64. Bxf5 Ke7 65. Kg5 Kf8 66. g4 Kg7 67. h5 Re5 68. h6+ Kh8 69. Kf6 Ra5 70. g5 Ra6+ 71. Be6 Ra7 72. g6 Rf7+ 73. gxf7 Kh7 74. f8R Kxh6 75. Rh8# 1-0

[Event "Mezokovesd Hegedus Memorial 4th"]
[Site "Mezokovesd"]
[Date "2023.12.27"]
[Round "1"]
[White "Barabas, Tibor"]
[Black "Lako, Peter"]
[Result "1-0"]
[WhiteElo "1867"]
[BlackElo "1243"]
[PlyCount "81"]
[EventDate "2023.12.27"]
[EventType "swiss"]
[EventRounds "6"]
[EventCountry "HUN"]
[SourceTitle "CB01_2024"]
[SourceDate "2024.01.03"]
[SourceVersion "1"]
[SourceVersionDate "2024.01.03"]
[SourceQuality "1"]

1. g4 d5 2. Bg2 Bxg4 3. c4 c6 4. cxd5 cxd5 5. Qb3 Be6 6. Nc3 Nf6 7. Qxb7 Nbd7 8. Nf3 Rb8 9. Qxa7 Bg4 10. Qa4 e6 11. a3 Bd6 12. Nb5 Qe7 13. Nfd4 0-0 14. Nc6 Qe8 15. Nxd6 Nc5 16. Nxe8 Nxa4 17. Nxf6+ gxf6 18. Nxb8 Rxb8 19. Rg1 Kf8 20. Bxd5 Bxe2 21. Bc6 Bb5 22. Bxb5 Rxb5 23. Rg4 Nc5 24. b4 f5 25. bxc5 fxg4 26. a4 Rb7 27. a5 Ke8 28. a6 Ra7 29. d4 Kd7 30. Bf4 f6 31. Bb8 Ra8 32. a7 h5 33. Ra6 f5 34. c6+ Kc8 35. c7 f4 36. Rxe6 h4 37. Re8+ Kb7 38. c8Q+ Kb6 39. Qc5+ Ka6 40. Re6+ Kb7 41. Qc6# 1-0

[Event "HUN-ch U10/14"]
[Site "Buek"]
[Date "2023.06.21"]
[Round "4"]
[White "Lako, Peter"]
[Black "Marton John, Almos Kiran"]
[Result "1-0"]
[WhiteElo "1231"]
[BlackElo "1614"]
[PlyCount "93"]
[EventDate "2023.06.17"]
[EventType "swiss"]
[EventRounds "9"]
[EventCountry "HUN"]
[SourceTitle "CBM 215 Extra"]
[Source "ChessBase"]
[SourceDate "2023.09.30"]
[SourceVersion "1"]
[SourceVersionDate "2023.09.30"]
[SourceQuality "1"]

1. d4 Nf6 2. c4 e5 3. dxe5 Ng4 4. Bf4 Bb4+ 5. Nd2 Nc6 6. Ngf3 Qe7 7. g3 Ngxe5 8. Nxe5 Nxe5 9. Bxe5 Qxe5 10. a3 Bc5 11. b4 Bd4 12. Rc1 Bb2 13. Rb1 Bxa3 14. Qb3 Bxb4 15. Qxb4 d6 16. Bg2 0-0 17. Nf3 Qe4 18. 0-0 Qxe2 19. Rfe1 Qd3 20. Nh4 a5 21. Qa4 Ra7 22. Rb3 Qc2 23. Be4 Qd2 24. Rbe3 Be6 25. Rb1 b6 26. Nf3 Qxe3 27. fxe3 Rd8 28. Nd4 Bd7 29. Bc6 Bg4 30. Nb5 Ra6 31. Nxc7 Ra7 32. Nd5 h5 33. Rxb6 f6 34. Rb7 Rxb7 35. Bxb7 Rb8 36. Qxa5 Kh7 37. Qc7 Rf8 38. Qe7 Kg8 39. Nc7 Rb8 40. Ne8 Rxe8 41. Qxe8+ Kh7 42. Be4+ f5 43. Bxf5+ Bxf5 44. Qxh5+ Kg8 45. Qxf5 g6 46. Qd7 Kh8 47. Kf2 1-0